00706nam a22002297a 450000500170000001000130001702000260003003500130005603700160006904000120008508200150009710000170011224501110012925000110024026000420025127000740029330000280036750000190039565000210041465000240043570000170045920170124105916.0 aB-167945 c295.00a9788175345331 aB-167945 bCen Lib/Ret aDPLbEN a025.4bKUM aKumar, H. L. aPractical guide to employees' provident funds :cby H. L. Kumar [and] Gaurav Kumarbact, rules and schemes a5th ed aDelhibUniversal Law Publishingc2006 aC-FF-1A, Dilkhush Industrial Estate, G. T. Karnal RaodbDelhie110033 axxxvi, 347p.c24cm(pbk) aIncludes index aLabour-Economics aEmployees rules-Act aGaurav Kumar